[Event "WYCC U14 Girls 2019"]
[Site "Mumbai"]
[Date "2019.10.05"]
[Round "5.2"]
[White "Nasyrova, Ekaterina"]
[Black "Dhyana, Patel"]
[Result "1/2-1/2"]
[WhiteElo "2137"]
[BlackElo "1995"]
[Annotator "TA"]
[PlyCount "86"]
[EventDate "2019.10.02"]
[EventType "swiss"]
[EventCountry "IND"]
[SourceTitle "playchess.com"]
[Source "ChessBase"]
[SourceQuality "1"]

{[%evp 24,86,15,16,23,-56,35,38,41,37,59,52,78,81,96,56,108,102,104,79,76,47,46,0,0,0,37,37,43,29,33,30,28,0,0,0,15,0,10,10,10,5,7,9,43,0,0,0,0,0,0,0,0,0,0,0,0,0,0,0,0,0,0,0,0]} 1. Nf3 c5 2. c4 Nc6 3. Nc3 g6 4. d4 cxd4 5. Nxd4 Bg7 6. Nb3 Nf6 7. e4 d6 8. Be2 O-O 9. Be3 a5 10. O-O Bd7 11. Rc1 a4 12. Nd4 Nxd4 13. Bxd4 Bc6 {B38: Sicilian: Maroczy Bind with 5...Bg7 and 7...0-0} 14. Nd5 $146 (14. Qc2 $11) ({Predecessor:} 14. f3 Nd7 15. Bxg7 Kxg7 16. Qd4+ Kg8 17. Rfd1 Qa5 18. Qe3 Rfc8 19. Kh1 Qb4 20. Qd2 Ne5 21. Nb1 Qxd2 22. Nxd2 {½-½ (55) Chytilek,R (2390)-Farkas,G (2231) Slovakia 2009}) 14... Bxd5 (14... Nxe4 $15 15. Bxg7 Kxg7) 15. exd5 $14 Qa5 {White is slightly better.} 16. h4 Rfc8 17. h5 Qd8 18. Rc3 Qf8 19. Ra3 gxh5 ({Black should try} 19... Nd7 $14) 20. Rg3 Kh8 21. Bd3 Ng4 22. Bxg7+ Qxg7 23. Qf3 Rg8 {[#] And now ...h4 would win.} 24. Qe4 Raf8 {Strongly threatening ...f5.} (24... Qh6 {feels hotter.} 25. Qxe7 Ne5 26. Bf5 h4 27. Rxg8+ Rxg8 28. c5 Qf4) 25. Qxe7 f5 26. Qxg7+ $1 ({Avoid the trap} 26. Qxd6 $2 h4 $19) 26... Rxg7 27. Rh3 Ne5 28. f4 (28. Be2 {with more complications.} f4 29. Re1 Rfg8 30. Bf1 Rc8 31. Rc1) 28... Nxd3 29. Rxd3 $11 {[%mdl 4096] Endgame KRR-KRR} Rg4 30. Re3 Rc8 31. b3 axb3 32. axb3 b5 33. cxb5 Rb8 34. Re6 Rxb5 {The position is equal.} 35. Rxd6 Rxb3 36. Rd8+ Kg7 37. Rc1 Rxf4 38. d6 Rd4 39. Rc7+ Kh6 40. Re7 Rbd3 41. d7 h4 42. Rh8 Kg5 43. Rhxh7 h3 {Accuracy: White = 57%, Black = 59%.} 1/2-1/2

[Event "WYCC U14 Girls 2019"]
[Site "Mumbai"]
[Date "2019.10.05"]
[Round "5.2"]
[White "Nasyrova, Ekaterina"]
[Black "Dhyana Patel"]
[Result "*"]
[WhiteElo "2137"]
[BlackElo "1995"]
[Annotator "ChessBase"]
[PlyCount "79"]
[EventDate "2019.10.02"]
[EventType "swiss"]
[EventCountry "IND"]
[SourceTitle "playchess.com"]
[Source "ChessBase"]
[SourceQuality "1"]
[TimeControl "40/5400+30:1800+30"]

1. Nf3 {[%emt 0:00:00]} c5 {[%emt 0:00:00]} 2. c4 {[%emt 0:00:00]} Nc6 {[%emt 0:00:35]} 3. Nc3 {[%emt 0:01:15]} g6 {[%emt 0:00:32]} 4. d4 {[%emt 0:03:15]} cxd4 {[%emt 0:00:39]} 5. Nxd4 {[%emt 0:00:06]} Bg7 {[%emt 0:00:14]} 6. Nb3 {[%emt 0:00:00]} Nf6 {[%emt 0:00:30]} 7. e4 {[%emt 0:00:00]} d6 {[%emt 0:00:30]} 8. Be2 {[%emt 0:00:00]} O-O {[%emt 0:00:30]} 9. Be3 {[%emt 0:00:00]} a5 {[%emt 0:00:30]} 10. O-O {[%emt 0:00:00]} Bd7 {[%emt 0:00:30]} 11. Rc1 {[%emt 0:10:42]} a4 {[%emt 0:11:45]} 12. Nd4 {[%emt 0:00:53]} Nxd4 {[%emt 0:00:22]} 13. Bxd4 {[%emt 0:00:22]} Bc6 {[%emt 0:00:15]} 14. Nd5 {[%emt 0:20:26]} Bxd5 {[%emt 0:03:23]} 15. exd5 {[%emt 0:02:30]} Qa5 {[%emt 0:09:01]} 16. h4 {[%emt 0:05:55]} Rfc8 {[%emt 0:02:00]} 17. h5 {[%emt 0:04:05]} Qd8 {[%emt 0:14:35]} 18. Rc3 {[%emt 0:05:01]} Qf8 {[%emt 0:03:39]} 19. Ra3 {[%emt 0:03:10]} gxh5 {[%emt 0:06:33]} 20. Rg3 {[%emt 0:02:43]} Kh8 {[%emt 0:00:18]} 21. Bd3 {[%emt 0:00:44]} Ng4 {[%emt 0:07:04]} 22. Bxg7+ {[%emt 0:03:34]} Qxg7 {[%emt 0:00:18]} 23. Qf3 {[%emt 0:00:30]} Rg8 {[%emt 0:02:45]} 24. Qe4 {[%emt 0:01:41]} Raf8 {[%emt 0:06:11]} 25. Qxe7 {[%emt 0:05:21]} f5 {[%emt 0:00:46]} 26. Qxg7+ {[%emt 0:01:35]} Rxg7 {[%emt 0:00:12]} 27. Rh3 {[%emt 0:00:23]} Ne5 {[%emt 0:02:15]} 28. f4 {[%emt 0:04:07]} Nxd3 {[%emt 0:05:04]} 29. Rxd3 {[%emt 0:00:10]} Rg4 {[%emt 0:02:56]} 30. Re3 {[%emt 0:07:09]} Rc8 {[%emt 0:00:59]} 31. b3 {[%emt 0:03:29]} axb3 {[%emt 0:00:05]} 32. axb3 {[%emt 0:00:03]} b5 {[%emt 0:00:43]} 33. cxb5 {[%emt 0:03:32]} Rb8 {[%emt 0:00:40]} 34. Re6 {[%emt 0:01:29]} Rxb5 {[%emt 0:00:10]} 35. Rxd6 {[%emt 0:00:08]} Rxb3 {[%emt 0:00:22]} 36. Rd8+ {[%emt 0:02:07]} Kg7 {[%emt 0:00:06]} 37. Rc1 {[%emt 0:01:45]} Rxf4 {[%emt 0:01:49]} 38. d6 {[%emt 0:03:58]} Rd4 {[%emt 0:03:32]} 39. Rc7+ {[%emt 0:03:27]} Kh6 {[%emt 0:03:15]} 40. Re7 {[%emt 0:02:02]} *

[Event "WYCC U14 Girls 2019"]
[Site "Mumbai"]
[Date "2019.10.05"]
[Round "5.3"]
[White "Roebers, Eline"]
[Black "Kurmangaliyeva, Liya"]
[Result "*"]
[WhiteElo "2083"]
[BlackElo "1936"]
[Annotator "NA"]
[PlyCount "39"]
[EventDate "2019.10.02"]
[EventType "swiss"]
[EventCountry "IND"]
[SourceTitle "playchess.com"]
[Source "ChessBase"]
[SourceQuality "1"]
[TimeControl "40/5400+30:1800+30"]

1. e4 {[%emt 0:00:00]} c5 {[%emt 0:00:00]} 2. Nf3 {[%emt 0:00:00]} Nc6 {[%emt 0:00:00]} 3. d4 {[%emt 0:00:00]} cxd4 {[%emt 0:00:12]} 4. Nxd4 {[%emt 0:00:00]} Nf6 {[%emt 0:00:11]} 5. Nc3 {[%emt 0:00:02]} e5 {[%emt 0:01:02]} 6. Ndb5 {[%emt 0:00:12]} d6 {[%emt 0:00:13]} 7. Bg5 {[%emt 0:00:16]} a6 {[%emt 0:00:12]} 8. Na3 {[%emt 0:00:37]} b5 {[%emt 0:00:24]} 9. Bxf6 {[%emt 0:00:36]} gxf6 {[%emt 0:00:18]} 10. Nd5 {[%emt 0:00:09]} Bg7 {[%emt 0:00:49]} 11. c4 {[%emt 0:09:06]} f5 {[%emt 0:04:37]} 12. cxb5 {[%emt 0:11:54]} Nd4 {[%emt 0:01:39]} 13. b6 {[%emt 0:11:31]} O-O {[%emt 0:02:26]} 14. Bd3 {[%emt 0:03:12]} Bb7 {[%emt 0:04:36]} 15. O-O {[%emt 0:00:00]} Kh8 {[%emt 0:00:30]} (15... Bxd5 $15 16. exd5 Qxb6) 16. Nc2 $11 {[%emt 0:00:00]} fxe4 {[%emt 0:00:30]} 17. Bc4 {[%emt 0:00:00]} Rc8 {[%emt 0:00:30]} 18. Na3 {[%emt 0:00:00]} Bxd5 {[%emt 0:00:30]} 19. Re1 {[%emt 0:00:00]} Qg5 {[%emt 0:00:30]} 20. Re3 {[%emt 0:00:00]} *

[Event "WYCC U14 Girls 2019"]
[Site "Mumbai"]
[Date "2019.10.05"]
[Round "5.3"]
[White "Roebers, Eline"]
[Black "Kurmangaliyeva, Liya"]
[Result "1-0"]
[WhiteElo "2083"]
[BlackElo "1936"]
[Annotator "NA RC"]
[PlyCount "131"]
[EventDate "2019.10.02"]
[EventType "swiss"]
[EventCountry "IND"]
[SourceTitle "playchess.com"]
[Source "ChessBase"]
[SourceQuality "1"]
[TimeControl "40/5400+30:1800+30"]

1. e4 {[%emt 0:00:00]} c5 {[%emt 0:00:00]} 2. Nf3 {[%emt 0:00:00]} Nc6 {[%emt 0:00:00]} 3. d4 {[%emt 0:00:00]} cxd4 {[%emt 0:00:12]} 4. Nxd4 {[%emt 0:00:00]} Nf6 {[%emt 0:00:11]} 5. Nc3 {[%emt 0:00:02]} e5 {[%emt 0:01:02]} 6. Ndb5 {[%emt 0:00:12]} d6 {[%emt 0:00:13]} 7. Bg5 {[%emt 0:00:16]} a6 {[%emt 0:00:12]} 8. Na3 {[%emt 0:00:37]} b5 {[%emt 0:00:24]} 9. Bxf6 {[%emt 0:00:36]} gxf6 {[%emt 0:00:18]} 10. Nd5 {[%emt 0:00:09]} Bg7 {[%emt 0:00:49]} 11. c4 {[%emt 0:09:06]} f5 {[%emt 0:04:37]} 12. cxb5 {[%emt 0:11:54]} Nd4 {[%emt 0:01:39]} 13. b6 {[%emt 0:11:31]} O-O {[%emt 0:02:26]} 14. Bd3 {[%emt 0:03:12]} Bb7 {[%emt 0:04:36]} 15. O-O {[%emt 0:00:00]} Kh8 {[%emt 0:00:30]} (15... Bxd5 $15 16. exd5 Qxb6) 16. Nc7 $11 {[%emt 0:00:00]} (16. Nc2 $1 {[%emt 0:00:00]}) 16... fxe4 {[%emt 0:00:30]} 17. Bc4 {[%emt 0:00:00]} Rc8 {[%emt 0:00:30]} 18. Bd5 {[%emt 0:00:00]} Bxd5 {[%emt 0:00:30]} 19. Nxd5 {[%emt 0:00:00]} f5 {[%emt 0:00:30]} 20. Re1 {[%emt 0:00:00]} Qg5 {[%emt 0:00:30]} 21. Re3 {[%emt 0:00:00]} f4 {[%emt 0:00:30]} 22. Rxe4 {[%emt 0:00:00]} f3 {[%emt 0:00:30]} 23. g3 {[%emt 0:00:00]} Rc5 {[%emt 0:00:30]} 24. Ne3 {[%emt 0:00:00]} d5 {[%emt 0:56:51]} 25. Rg4 {[%emt 0:53:51]} Qf6 {[%emt 0:00:39]} 26. b4 {[%emt 0:02:24]} Rc6 {[%emt 0:04:16]} 27. Kh1 {[%emt 0:05:53]} Qe6 {[%emt 0:01:04]} 28. Rc1 {[%emt 0:01:15]} Rxc1 {[%emt 0:05:02]} 29. Qxc1 {[%emt 0:00:00]} Qxb6 {[%emt 0:01:08]} 30. Nxd5 {[%emt 0:01:47]} Qe6 {[%emt 0:02:17]} 31. Qg5 {[%emt 0:00:31]} Qb6 32. Qc1 {[%emt 0:00:29]} Qe6 {[%emt 0:01:00]} 33. Qg5 {[%emt 0:00:31]} Bh6 {[%emt 0:02:15]} 34. Qh5 {[%emt 0:01:16]} Rc8 {[%emt 0:06:09]} 35. h3 {[%emt 0:01:19]} Nf5 {[%emt 0:01:59]} 36. Nc4 {[%emt 0:00:36]} Bg7 {[%emt 0:01:34]} 37. Ndb6 {[%emt 0:00:30]} Rd8 {[%emt 0:00:44]} 38. Re4 {[%emt 0:00:29]} Nxg3+ {[%emt 0:02:19]} 39. fxg3 {[%emt 0:00:06]} f2 {[%emt 0:00:17]} 40. Kg2 {[%emt 0:00:45]} Qc6 {[%emt 0:00:30]} 41. Qe2 {[%emt 0:30:30]} Rd4 {[%emt 0:30:24]} 42. Nd2 {[%emt 0:00:21]} Qxb6 {[%emt 0:00:48]} 43. Rxd4 {[%emt 0:00:00]} Qxd4 {[%emt 0:00:00]} 44. Qc4 {[%emt 0:00:00]} f1=Q+ {[%emt 0:00:00]} 45. Kxf1 {[%emt 0:00:00]} Qd7 {[%emt 0:00:00]} 46. Qxa6 {[%emt 0:00:00]} Qxh3+ {[%emt 0:00:00]} 47. Ke2 {[%emt 0:00:00]} Qg4+ {[%emt 0:00:00]} 48. Nf3 {[%emt 0:00:00]} h6 {[%emt 0:00:00]} 49. Qa8+ {[%emt 0:00:08]} Kh7 {[%emt 0:00:00]} 50. Ke3 {[%emt 0:00:28]} Qe6 {[%emt 0:00:00]} 51. Qe4+ {[%emt 0:00:38]} Kh8 {[%emt 0:00:00]} 52. a3 {[%emt 0:00:33]} Qa2 {[%emt 0:00:00]} 53. Qd3 {[%emt 0:00:54]} Qg2 {[%emt 0:00:00]} 54. b5 {[%emt 0:00:56]} e4 {[%emt 0:00:08]} 55. Qxe4 {[%emt 0:00:35]} Qxg3 {[%emt 0:00:05]} 56. Qe8+ {[%emt 0:01:36]} Kh7 {[%emt 0:00:05]} 57. b6 {[%emt 0:00:29]} Qd6 {[%emt 0:02:02]} 58. Qe4+ {[%emt 0:00:25]} Kg8 {[%emt 0:00:03]} 59. b7 {[%emt 0:00:56]} Qxa3+ {[%emt 0:01:08]} 60. Kf2 {[%emt 0:00:36]} Qb2+ {[%emt 0:04:27]} 61. Kg3 {[%emt 0:00:20]} Bf8 {[%emt 0:00:50]} 62. Qe6+ {[%emt 0:00:42]} Kg7 {[%emt 0:00:36]} 63. Qd7+ {[%emt 0:00:28]} Kg8 {[%emt 0:01:02]} 64. Qc8 {[%emt 0:00:13]} Qg7+ {[%emt 0:00:30]} 65. Kh3 {[%emt 0:00:37]} Qf7 {[%emt 0:00:36]} 66. b8=Q {[%emt 0:00:15]} 1-0

[Event "WYCC U14 Girls 2019"]
[Site "Mumbai"]
[Date "2019.10.05"]
[Round "5.4"]
[White "Kamalidenova, Meruert"]
[Black "Mungunzul, Bat-Erdene"]
[Result "1/2-1/2"]
[WhiteElo "2025"]
[BlackElo "1912"]
[Annotator "NA"]
[PlyCount "41"]
[EventDate "2019.10.02"]
[EventType "swiss"]
[EventCountry "IND"]
[SourceTitle "playchess.com"]
[Source "ChessBase"]
[SourceQuality "1"]
[TimeControl "40/5400+30:1800+30"]

1. e4 {[%emt 0:00:00]} e5 {[%emt 0:00:00]} 2. Nf3 {[%emt 0:00:00]} Nc6 {[%emt 0:00:00]} 3. Bb5 {[%emt 0:00:00]} a6 {[%emt 0:00:00]} 4. Ba4 {[%emt 0:00:00]} Nf6 {[%emt 0:00:06]} 5. O-O {[%emt 0:00:10]} b5 {[%emt 0:00:12]} 6. Bb3 {[%emt 0:00:07]} Bc5 {[%emt 0:00:07]} 7. a4 {[%emt 0:00:25]} Bb7 {[%emt 0:04:05]} 8. d3 {[%emt 0:01:53]} h6 {[%emt 0:00:30]} 9. c3 {[%emt 0:00:30]} d6 {[%emt 0:00:30]} 10. Nbd2 O-O 11. Re1 {C78: Ruy Lopez: Archangelsk and Möller Defences} b4 {[%emt 0:13:01]} (11... Ne7 12. Nh4 Rb8 13. axb5 axb5 14. Nf1 Bc8 15. h3 Be6 16. Bxe6 fxe6 {½-½ (46) So,W (2754)-Anand,V (2767) Stavanger 2019}) 12. Nf1 {[%emt 0:07:19]} Re8 {[%emt 0:08:30]} 13. Be3 $146 {[%emt 0:03:52]} ({Predecessor:} 13. a5 bxc3 14. bxc3 {1-0 (54) Boreux,P (2186)-Matijosius,V (1690) ICCF email 2016}) 13... Na5 {[%emt 0:02:40]} 14. Ba2 {[%emt 0:04:14]} Bxe3 {[%emt 0:00:50]} 15. Nxe3 {[%emt 0:01:31]} c5 {[%emt 0:00:40]} 16. Bd5 {[%emt 0:03:42]} Nxd5 {[%emt 0:03:18]} 17. exd5 {[%emt 0:00:33]} Rf8 {[%emt 0:08:56]} 18. c4 {[%emt 0:01:29]} f5 {[%emt 0:00:31]} 19. Nd2 $15 {[%emt 0:01:42]} Qg5 {[%emt 0:00:00]} 20. Nf3 {[%emt 0:00:00]} h5 {[%emt 0:00:00]} 21. Qd2 {[%emt 0:00:00]} 1/2-1/2

[Event "WYCC U14 Girls 2019"]
[Site "Mumbai"]
[Date "2019.10.05"]
[Round "5.5"]
[White "Cai, Boheng"]
[Black "Omonova, Umida"]
[Result "1-0"]
[WhiteElo "1853"]
[BlackElo "2078"]
[Annotator "NA"]
[PlyCount "85"]
[EventDate "2019.10.02"]
[EventType "swiss"]
[EventCountry "IND"]
[SourceTitle "playchess.com"]
[Source "ChessBase"]
[SourceQuality "1"]
[TimeControl "40/5400+30:1800+30"]

1. d4 d5 2. c4 dxc4 3. Nf3 Nf6 4. Qa4+ Nc6 5. Nc3 Nd5 6. Qxc4 Nb6 {D23: Queen's Gambit Accepted: 3 Nf3 Nf6 sidelines} 7. Qd3 (7. Qb5 a6 8. Qd3 e5 9. Nxe5 Qxd4 10. Nxc6 Qxd3 11. exd3 bxc6 12. Bf4 Bd6 13. Bg3 Bf5 14. Be2 {½-½ (25) Ivanchuk,V (2786)-Dominguez Perez,L (2719) Almaty 2008}) 7... e6 8. e4 $146 ({Predecessor:} 8. Bf4 Bd6 9. Bxd6 cxd6 10. e3 O-O 11. Be2 d5 12. O-O Bd7 13. Ne5 f6 14. Nxd7 Qxd7 {½-½ (66) Bartu,J-Vojta,T (2195) Czechia 1997}) 8... Be7 9. Be2 O-O 10. O-O Bd6 11. Rd1 Re8 12. Be3 Ne7 13. e5 Bb4 14. a3 Bxc3 15. bxc3 Nbd5 16. c4 Nxe3 17. fxe3 Ng6 18. Qe4 c6 19. h4 h6 20. Bd3 Qe7 21. Qg4 Nf8 22. Nd2 f5 23. exf6 Qxf6 24. Rf1 Qe7 25. Qe4 g6 26. Nf3 $18 e5 27. Qxe5 Qf7 28. Qf4 Qxf4 29. exf4 Bf5 30. Bxf5 gxf5 31. Ne5 Red8 32. Rab1 Rxd4 33. Rxb7 Ne6 34. Rf3 Nxf4 35. Rg3+ Kh8 36. Rf3 Kg8 37. Rg3+ Kh8 38. Nf7+ Kh7 39. Ne5+ Kh8 40. Rgg7 Re8 41. Rh7+ Kg8 42. Rbg7+ Kf8 43. Nd7+ 1-0

[Event "WYCC U14 Girls 2019"]
[Site "Mumbai"]
[Date "2019.10.05"]
[Round "5.6"]
[White "Bhagyashree, Patil"]
[Black "Obada, Ema"]
[Result "1/2-1/2"]
[WhiteElo "1802"]
[BlackElo "1987"]
[Annotator "NA RC"]
[PlyCount "91"]
[EventDate "2019.10.02"]
[EventType "swiss"]
[EventCountry "IND"]
[SourceTitle "playchess.com"]
[Source "ChessBase"]
[SourceQuality "1"]
[TimeControl "40/5400+30:1800+30"]

1. e4 {[%emt 0:00:00]} c5 {[%emt 0:00:00]} 2. Nf3 {[%emt 0:00:00]} e6 {[%emt 0:00:00]} 3. d4 {[%emt 0:00:00]} cxd4 {[%emt 0:00:00]} 4. Nxd4 {[%emt 0:00:01]} Nc6 {[%emt 0:00:00]} 5. Nxc6 {[%emt 0:04:47]} bxc6 {[%emt 0:00:04]} 6. c4 {[%emt 0:00:08]} Nf6 {[%emt 0:00:28]} 7. Nc3 {[%emt 0:00:08]} e5 {[%emt 0:08:38] B44: Sicilian: Taimanov: 5 Nb5} 8. Be2 {[%emt 0:04:44]} (8. Be3 Bb4 9. Bd3 d6 10. O-O O-O 11. Qc2 Ng4 12. Bd2 Bc5 13. h3 Nf6 14. Rab1 a5 15. a3 {0-1 (34) Ding,L (2749)-Karjakin,S (2753) Heixiazi 2015}) 8... Be7 {[%emt 0:02:27]} 9. O-O {[%emt 0:01:46]} O-O {[%emt 0:00:36]} 10. Rb1 $146 {[%emt 0:05:08]} ({Predecessor:} 10. Be3 d6 11. Qa4 Qc7 12. Rac1 Ng4 13. Bd2 Rb8 14. b4 Nf6 15. a3 {0-1 (65) Sedov,A (2186)-Onoprijchuk,B (2356) Belgorod 2008}) 10... a5 {[%emt 0:15:38]} 11. Be3 {[%emt 0:06:22]} d6 {[%emt 0:01:27]} 12. a3 {[%emt 0:05:15]} Be6 {[%emt 0:04:20]} 13. b4 {[%emt 0:03:25]} axb4 {[%emt 0:00:28]} 14. axb4 {[%emt 0:00:08]} d5 {[%emt 0:00:00]} 15. exd5 {[%emt 0:00:30]} cxd5 {[%emt 0:00:00]} 16. cxd5 {[%emt 0:00:30]} Nxd5 {[%emt 0:00:00]} 17. Nxd5 {[%emt 0:00:30]} Bxd5 {[%emt 0:00:00]} 18. Qc2 {[%emt 0:00:30]} Qb8 {[%emt 0:27:16]} 19. Bd3 {[%emt 0:17:09]} h6 {[%emt 0:04:37]} 20. Be4 {[%emt 0:21:22]} Ra2 {[%emt 0:09:58]} 21. Qd3 $1 {[%emt 0:01:00]} Be6 {[%emt 0:00:45]} 22. Bc5 {[%emt 0:01:32]} Rd8 $14 {[%emt 0:01:16]} 23. Qg3 {[%emt 0:03:29]} Bg5 {[%emt 0:02:30]} 24. Rfd1 {[%emt 0:04:10]} Rad2 {[%emt 0:02:34]} 25. Rxd2 {[%emt 0:02:32]} Rxd2 {[%emt 0:00:54]} 26. Qf3 {[%emt 0:01:21]} Qb5 {[%emt 0:05:44]} 27. Qg3 {[%emt 0:00:00]} Qb8 {[%emt 0:00:00]} 28. Qf3 {[%emt 0:01:00]} Qb5 {[%emt 0:01:00]} 29. Qc3 {[%emt 0:16:10]} Qe2 {[%emt 0:00:31]} 30. Bf3 {[%emt 0:00:34]} Rc2 {[%emt 0:03:26]} 31. Qa1 {[%emt 0:02:48]} Qd3 {[%emt 0:03:11]} 32. Re1 {[%emt 0:04:43]} Ra2 {[%emt 0:00:00]} 33. Rb1 {[%emt 0:00:00]} Rc2 {[%emt 0:01:00]} 34. Re1 {[%emt 0:01:00]} Qc3 {[%emt 0:02:45]} 35. Be4 {[%emt 0:00:57]} Qxa1 {[%emt 0:02:21]} 36. Rxa1 {[%emt 0:00:02]} Rd2 {[%emt 0:00:17]} 37. b5 {[%emt 0:00:43]} f5 {[%emt 0:00:11]} 38. b6 {[%emt 0:01:44]} Bd8 {[%emt 0:00:45]} 39. b7 {[%emt 0:03:13]} Bc7 {[%emt 0:00:07]} 40. Bb6 {[%emt 0:01:32]} Bd6 {[%emt 0:02:32]} 41. Bc5 {[%emt 0:33:52]} Bc7 {[%emt 0:30:08]} 42. Bb6 {[%emt 0:02:16]} Bd6 {[%emt 0:00:01]} 43. Bc5 {[%emt 0:00:40]} Bc7 {[%emt 0:00:04]} 44. Bb6 {[%emt 0:00:23]} Bd6 {[%emt 0:00:07]} 45. Bc5 {[%emt 0:00:26]} Bc7 {[%emt 0:02:22]} 46. Bb6 {[%emt 0:00:34]} 1/2-1/2

[Event "WYCC U14 Girls 2019"]
[Site "Mumbai"]
[Date "2019.10.05"]
[Round "5.6"]
[White "Bhagyashree Patil"]
[Black "Obada, Ema"]
[Result "*"]
[WhiteElo "1802"]
[BlackElo "1987"]
[Annotator "NA"]
[PlyCount "79"]
[EventDate "2019.10.02"]
[EventType "swiss"]
[EventCountry "IND"]
[SourceTitle "playchess.com"]
[Source "ChessBase"]
[SourceQuality "1"]
[TimeControl "40/5400+30:1800+30"]

1. e4 {[%emt 0:00:00]} c5 {[%emt 0:00:00]} 2. Nf3 {[%emt 0:00:00]} e6 {[%emt 0:00:00]} 3. d4 {[%emt 0:00:00]} cxd4 {[%emt 0:00:00]} 4. Nxd4 {[%emt 0:00:01]} Nc6 {[%emt 0:00:00]} 5. Nxc6 {[%emt 0:04:47]} bxc6 {[%emt 0:00:04]} 6. c4 {[%emt 0:00:08]} Nf6 {[%emt 0:00:28]} 7. Nc3 {[%emt 0:00:08]} e5 {[%emt 0:08:38] B44: Sicilian: Taimanov: 5 Nb5} 8. Be2 {[%emt 0:04:44]} (8. Be3 Bb4 9. Bd3 d6 10. O-O O-O 11. Qc2 Ng4 12. Bd2 Bc5 13. h3 Nf6 14. Rab1 a5 15. a3 {0-1 (34) Ding,L (2749)-Karjakin,S (2753) Heixiazi 2015}) 8... Be7 {[%emt 0:02:27]} 9. O-O {[%emt 0:01:46]} O-O {[%emt 0:00:36]} 10. Rb1 $146 {[%emt 0:05:08]} ({Predecessor:} 10. Be3 d6 11. Qa4 Qc7 12. Rac1 Ng4 13. Bd2 Rb8 14. b4 Nf6 15. a3 {0-1 (65) Sedov,A (2186)-Onoprijchuk,B (2356) Belgorod 2008}) 10... a5 {[%emt 0:15:38]} 11. Be3 {[%emt 0:06:22]} d6 {[%emt 0:01:27]} 12. a3 {[%emt 0:05:15]} Be6 {[%emt 0:04:20]} 13. b4 {[%emt 0:03:25]} axb4 {[%emt 0:00:28]} 14. axb4 {[%emt 0:00:08]} d5 {[%emt 0:00:00]} 15. exd5 {[%emt 0:00:30]} cxd5 {[%emt 0:00:00]} 16. cxd5 {[%emt 0:00:30]} Nxd5 {[%emt 0:00:00]} 17. Nxd5 {[%emt 0:00:30]} Bxd5 {[%emt 0:00:00]} 18. Qc2 {[%emt 0:00:30]} Qb8 {[%emt 0:27:16]} 19. Bd3 {[%emt 0:17:09]} h6 {[%emt 0:04:37]} 20. Be4 {[%emt 0:21:22]} Ra2 {[%emt 0:09:58]} 21. Qd3 $1 {[%emt 0:01:00]} Be6 {[%emt 0:00:45]} 22. Bc5 {[%emt 0:01:32]} Rd8 $14 {[%emt 0:01:16]} 23. Qg3 {[%emt 0:03:29]} Bg5 {[%emt 0:02:30]} 24. Rfd1 {[%emt 0:04:10]} Rad2 {[%emt 0:02:34]} 25. Rxd2 {[%emt 0:02:32]} Rxd2 {[%emt 0:00:54]} 26. Qf3 {[%emt 0:01:21]} Qb5 {[%emt 0:05:44]} 27. Qg3 {[%emt 0:00:00]} Qb8 {[%emt 0:00:00]} 28. Qf3 {[%emt 0:01:00]} Qb5 {[%emt 0:01:00]} 29. Qc3 {[%emt 0:16:10]} Qe2 {[%emt 0:00:31]} 30. Bf3 {[%emt 0:00:34]} Rc2 {[%emt 0:03:26]} 31. Qa1 {[%emt 0:02:48]} Qd3 {[%emt 0:03:11]} 32. Re1 {[%emt 0:04:43]} Ra2 {[%emt 0:00:00]} 33. Rb1 {[%emt 0:00:00]} Rc2 {[%emt 0:01:00]} 34. Re1 {[%emt 0:01:00]} Qc3 {[%emt 0:02:45]} 35. Be4 {[%emt 0:00:57]} Qxa1 {[%emt 0:02:21]} 36. Rxa1 {[%emt 0:00:02]} Rd2 {[%emt 0:00:17]} 37. b5 {[%emt 0:00:43]} f5 {[%emt 0:00:11]} 38. b6 {[%emt 0:01:44]} Bd8 {[%emt 0:00:45]} 39. b7 {[%emt 0:03:13]} Bc7 {[%emt 0:00:07]} 40. Bb6 {[%emt 0:01:32]} *

[Event "WYCC U14 Girls 2019"]
[Site "Mumbai"]
[Date "2019.10.05"]
[Round "5.7"]
[White "Ince, Safiye Oyku"]
[Black "Wikar, Martyna"]
[Result "1/2-1/2"]
[WhiteElo "1840"]
[BlackElo "1969"]
[Annotator "NA"]
[PlyCount "79"]
[EventDate "2019.10.02"]
[EventType "swiss"]
[EventCountry "IND"]
[SourceTitle "playchess.com"]
[Source "ChessBase"]
[SourceQuality "1"]
[TimeControl "40/5400+30:1800+30"]

1. e4 c5 2. Nf3 d6 3. c3 Nf6 4. h3 Nc6 5. Bd3 d5 6. e5 Nd7 7. Qe2 Qc7 {B50: Sicilian: 2...d6, Miscellaneous} (7... e6 8. O-O Qc7 9. Bb5 a6 10. Bxc6 Qxc6 11. d4 Be7 12. Bg5 Bxg5 13. Nxg5 h6 14. Nf3 b6 15. Nbd2 {½-½ (29) Safarli,E (2676)-Kryakvin,D (2595) Hoogeveen 2018}) 8. e6 fxe6 9. Ng5 $1 Nf6 10. O-O $146 ({Predecessor:} 10. Nxe6 Qd6 11. Nxf8 Rxf8 12. O-O Kf7 13. b4 cxb4 14. cxb4 Qe5 15. Qxe5 Nxe5 {0-1 (34) Drozdowski,K (2481)-Chandra,A (2509) Dallas 2015}) 10... Qe5 11. Qxe5 Nxe5 12. Bb5+ Bd7 13. Na3 Nc6 14. Re1 Nd8 15. d4 cxd4 16. cxd4 a6 17. Bd3 g6 18. Bf4 Bg7 19. Rac1 O-O 20. Rc7 Rc8 (20... Bc8 $17 21. Nc2 Nc6) 21. Rxc8 (21. Rec1 $1 $11 Nc6 22. Rxb7) 21... Bxc8 22. Bc7 Nc6 23. Nc2 Ne8 24. Bb6 e5 25. dxe5 Nxe5 26. Be2 $17 h6 27. Nf3 Nc6 28. b4 Bf5 29. Ne3 Be4 30. Bc5 Bc3 31. Rd1 Bxb4 32. Bxb4 Nxb4 33. a3 Nc6 34. Nxd5 Bxd5 35. Rxd5 Nf6 36. Rc5 Ne4 37. Rc1 Rf6 38. Bd3 Ng5 39. Nxg5 hxg5 40. Rc5 1/2-1/2